000 00526nam a2200181Ia 4500
008 100917s9999 xx 000 0 und d
082 _b48279
100 _aकाळे वैजयंती
245 _aकंकणाची शपथ
260 _bमनोरमा प्रकाशन
_c1981
300 _a228
365 _b28
520 _aकादंबरी
630 _aकंकणाची शपथ
650 _aकादंबरी
730 _aकंकणाची शपथ
942 _cBOOK
999 _c653673
_d653670